000 02082nam a2200229 4500
001 ESSALUD
005 20260701115846.0
007 ta
008 t pe ||||| |||| 00| 0 spa d
040 _aBMG
041 _aspa
100 _aTribunal Registral
_eAutor
_953048
245 _aInscripción de la resolución de un contrato: al registrador no le corresponde verificar si la obligación ha sido efectivamente incumplida
300 _apáginas 32-45
520 _aResulta procedente la inscripción de la resolución de un contrato siempre que cumpla con los presupuestos establecidos en la norma; es decir, se trate de una obligación establecida en forma clara y precisa no ejecutada dentro del plazo estipulado en el contrato, la intimación efectuada por la parte fiel a la infiel para que cumpla con la prestación y el incumplimiento de la parte infiel en el plazo establecido. Así, corresponde al registrador verificar la existencia de la obligación, así como la intimación y el transcurso del plazo otorgado, a efectos de lo cual deberá presentarse al Registro el original o insertar en la escritura pública de resolución de contrato, la carta notarial cursada por la parte fiel efectuando la intimación. Por lo tanto, para que pueda inscribirse la resolución del contrato, resulta necesario que exista una obligación que se manifiesta ha sido incumplida, siendo necesario para ello verificar la existencia de la obligación, así como las formalidades de la intimación. La verificación de si la obligación ha sido efectivamente incumplida, es un asunto que no le corresponde verificar al registrador, sino que bastará que el acreedor manifieste que ha ocurrido este incumplimiento para considerarlo registralmente como tal.
650 _aESCRITURAS PUBLICAS
_953047
650 _aCONTRATOS PÚBLICOS
_9190
650 _aCONTRATOS
_9337
650 _aDERECHO REGISTRAL
_9170
773 0 _022573
_922621
_dLima Grupo Praxis Formación Profesional, 2026-
_oPRA002
_tPraxis Civil & Procesal Civil
_wESSALUD
_x3119-7671
942 _cARTICULOS
_e2026-07-01
_zsqb
999 _c22594
_d22594